|
|
|
|
| LEADER |
00000nam a2200000 a 4500 |
| 001 |
vtls001286307 |
| 003 |
SK-MaSNL |
| 005 |
20260301044546.0 |
| 008 |
240530s1992 au aa r y ger |
| 015 |
|
|
|a SNBZSA1997-00194
|
| 035 |
|
|
|a SNK000237852
|
| 035 |
|
|
|a urn:nbn:sk:snk-amtj31
|
| 035 |
|
|
|a urn:nbn:sk:snk-am00c7fi
|
| 035 |
|
|
|a 4F04A66A-E287-4196-85E3-A6B40ECBD3AE
|
| 040 |
|
|
|a SNK
|b slo
|c SNK
|e AACR2
|
| 041 |
0 |
|
|a ger
|
| 044 |
|
|
|a au
|c AT
|
| 080 |
|
|
|a 620.9:504(437.6)=30
|2 1981
|
| 245 |
0 |
|
|a Energie für Slowakei: Handlungsoptionen für eine umweltorientierte Politik
|b eine Vorstudie basierend auf Datenrecherchen und Expertengesprächen : eine Studie des Österreichischen Ökologie-Institutes im Auftrag des WWF
|c von Helmut Haberl und Andrea Höltl in Zusammenarbeit mit Jaroslav Marousek und Bedrich Schwarzkopf und Felix Christian Matthes
|
| 260 |
|
|
|a Wien
|b WWF
|c 1992
|
| 300 |
|
|
|a 131, 24 s.
|b tab.
|c 30 cm
|
| 500 |
|
|
|a Text čiast. angl.
|
| 504 |
|
|
|a Bibliogr. s. 114-119. Res angl.
|
| 650 |
0 |
7 |
|a hospodárstvo energetické
|x prostredie životné
|z Slovensko
|x štúdie
|2 SNK
|9 351175
|
| 655 |
|
7 |
|a príručky
|2 SNK
|9 74364
|
| 700 |
1 |
|
|a Haberl, Helmut
|4 aut
|9 351176
|
| 700 |
1 |
|
|a Höltl, Andrea
|4 aut
|9 351177
|
| 700 |
1 |
|
|a Marousek, Jaroslav
|4 aut
|9 351178
|
| 700 |
1 |
|
|a Schwarzkopf, Bedrich
|4 aut
|9 351179
|
| 700 |
1 |
|
|a Matthes, Felix Christian
|4 aut
|9 351180
|
| 958 |
|
|
|a ZS
|
| 958 |
|
|
|a TL
|
| 958 |
|
|
|a AT
|
| 958 |
|
|
|a OND
|
| 999 |
|
|
|c 596276
|d 598206
|
| 952 |
|
|
|t P60, <03>, [BOOK], {603}
|a SNK
|b SNK
|y PREZ
|7 0
|p 17A0063423
|o snkSB 56970
|i snkV 1208/97
|0 0
|1 0
|4 0
|d 1997-05-21
|f 1
|l 0
|r 2025-04-09 00:00:00
|w 2026-02-23
|